000 00837cam a2200301 i 4500
001 768714001
003 CO-MdFUSB
005 20241203160949.0
007 ta
008 241203t1997 -us||||| |||| 00| 0 eng d
020 _a0-87788-167-7
040 _cCO-MdFUSB
041 0 _aeng
082 0 4 _223
_a235.4
_bM837e
100 1 _aMoreau, A. Scott (1955-)
_eautor
245 1 0 _aEssentials of spiritual warfare :
_bequipped to win the battle
_c/ A. Scott Moreau
260 _a Harold Shaw (ver H. Shaw)
264 1 _bHarold Shaw Publishers,
_aWheaton, Illi., USA :
_c[1997]
264 4 _c©1997
300 _a208 Pag
336 _atexto
_btxt
_2rdacontent
337 _2rdamedia
_asin mediación
_bn
338 _2rdacarrier
_avolumen
_bnc
653 _aGuerra espiritual
942 _cBK
945 _aMiguel
999 _c35039
_d35039